| 000 | 00902cab a2200253 4500 | ||
|---|---|---|---|
| 001 | WB3418-28 | ||
| 008 | 090401t1998 xxu||||| |||| 00| 0 eng d | ||
| 035 | _a(Sirsi) u86157 | ||
| 041 | _aeng | ||
| 245 | _aPrices of new homes | ||
| 260 | _c1998 | ||
| 350 | _a0 | ||
| 490 |
_aFinancial Times _v9/10 May 1998, 15(1) |
||
| 520 | _aA study by London Residential Research forecasts that buyers will force down the price of new homes in poor locations in London. The report claims that owner-occupiers are more demanding than Asian investors who have previously kept the market buoyant. | ||
| 650 | _aASIAN INVESTORS | ||
| 650 | _aLONDON RESIDENTIAL RESEARCH | ||
| 650 | _aLONDON | ||
| 650 | _aNEW HOMES | ||
| 650 | _aRESIDENTIAL DEVELOPMENT | ||
| 650 | _aRESIDENTIAL INVESTMENT | ||
| 690 | _aPROPERTY-RESIDENTIAL PROPERTY-RESIDENTIAL PROPERTY MARKET | ||
| 942 | _n0 | ||
| 948 | _c13/05/1998 | ||
| 999 |
_c54196 _d54196 |
||